[Event "DEM U12/U12w 2015"]
[Site "Willingen GER"]
[Date "2015.05.27"]
[Round "7"]
[White "Huber, Benedikt"]
[Black "Zimmer, Raphael"]
[Result "1-0"]
[Termination "normal"]
[Board "8"]
[WhiteElo "1729"]
[BlackElo "1977"]
[WhiteClock "00:20:43"]
[BlackClock "00:13:39"]
[PlyCount "71"]
[WhiteFideId "12923583"]
[BlackFideId "12978841"]
[EventCountry "GER"]
[EventRounds "11"]
[EventType "swiss"]
[EventDate "2015.05.23"]

1. d4 d5 2. Nc3 Nf6 3. Bg5 h6 4. Bxf6 exf6 5. e3 Bb4 6. Nge2 O-O 7. a3 Ba5 8.
b4 Bb6 9. Nf4 c6 10. Bd3 Qd6 11. Qf3 Re8 12. Kd2 Nd7 13. g4 Nf8 14. h4 Ne6 15.
Nxe6 Bxe6 16. g5 fxg5 17. hxg5 hxg5 18. Qh5 Kf8 19. Qxg5 f6 20. Rh8+ Bg8 21.
Qg6 Qe6 22. Rg1 Re7 23. Bf5 Qf7 24. Qg2 g5 25. Bh7 Qxh7 26. Rxh7 Bxh7 27. Qh3
Bg6 28. Qh8+ Kf7 29. Qxa8 Bh7 30. Qh8 Ke6 31. Rh1 Bf5 32. Qh5 g4 33. Ne2 Be4
34. Qxg4+ f5 35. Qg6+ Kd7 36. Rh7 1-0

[Event "DEM U12/U12w 2015"]
[Site "Willingen GER"]
[Date "2015.05.27"]
[Round "7"]
[White "Lieberwirth, Kasimir"]
[Black "Suvorov, Luca"]
[Result "0-1"]
[Termination "normal"]
[Board "9"]
[WhiteElo "1638"]
[BlackElo "1832"]
[PlyCount "78"]
[WhiteFideId "12988146"]
[BlackFideId "12977071"]
[EventCountry "GER"]
[EventRounds "11"]
[EventType "swiss"]
[EventDate "2015.05.23"]

1. e4 c5 2. Nc3 Nc6 3. f4 g6 4. Nf3 Bg7 5. Bb5 Nd4 6. Nxd4 cxd4 7. Ne2 a6 8.
Ba4 b5 9. Bb3 Bb7 10. d3 e6 11. O-O Ne7 12. Qe1 O-O 13. Qh4 Nc6 14. Qh3 Rc8 15.
Bd2 Qe7 16. a3 Kh8 17. Ng3 f5 18. exf5 gxf5 19. Nh5 Rg8 20. Nxg7 Rxg7 21. Rae1
Rcg8 22. Bd5 Qc5 23. Bf3 Qxc2 24. Rd1 Qxb2 25. Bb4 Nxb4 26. Bxb7 Nc6 27. Rf2
Qxa3 28. g3 Qb3 29. Rdd2 a5 30. Qf1 Qd5 31. Ra2 a4 32. Rfc2 Rb8 33. Bxc6 dxc6
34. Qb1 Rgb7 35. Qc1 Rb6 36. Qe1 c5 37. Qc1 Rc8 38. Qb1 Qf3 39. Rxa4 bxa4 0-1

[Event "DEM U12/U12w 2015"]
[Site "Willingen GER"]
[Date "2015.05.27"]
[Round "7"]
[White "Rudolph, Eva"]
[Black "Nguyen, Alex Dac-Vuong"]
[Result "0-1"]
[Termination "normal"]
[Board "11"]
[WhiteElo "1573"]
[BlackElo "1885"]
[PlyCount "100"]
[WhiteFideId "16200594"]
[BlackFideId "12984388"]
[EventCountry "GER"]
[EventRounds "11"]
[EventType "swiss"]
[EventDate "2015.05.23"]

1. e4 e6 2. d4 d5 3. Nd2 c5 4. exd5 exd5 5. Bb5+ Nc6 6. dxc5 Bxc5 7. Ngf3 Nge7
8. O-O O-O 9. Re1 Qb6 10. Qe2 Bg4 11. Bd3 Nd4 12. Qf1 Nxf3+ 13. gxf3 Bf5 14.
Bxf5 Nxf5 15. Nb3 Qg6+ 16. Kh1 Bd6 17. Qh3 Qf6 18. c3 Rfe8 19. Be3 Nxe3 20.
Rxe3 Qf4 21. Rae1 Rxe3 22. fxe3 Qe5 23. Kg2 Re8 24. Qg3 Qe6 25. Qf2 Qf5 26. Qe2
Qh5 27. Kg1 Re6 28. f4 Qxe2 29. Rxe2 Bxf4 30. Kg2 Bxe3 31. Nd2 g6 32. Kf3 Bh6
33. Rg2 Re3+ 34. Kf2 f5 35. Nf3 Re4 36. Kg3 Rg4+ 37. Kf2 Be3+ 38. Kf1 Rxg2 39.
Kxg2 Kf7 40. Kf1 Kf6 41. Ke2 f4 42. Kd3 g5 43. h3 h5 44. Ke2 g4 45. hxg4 hxg4
46. Nh2 Kf5 47. b3 Bc1 48. b4 Kg5 49. Kf1 f3 50. a4 Bf4 0-1

[Event "DEM U12/U12w 2015"]
[Site "Willingen GER"]
[Date "2015.05.27"]
[Round "7"]
[White "Brückner, Alexander"]
[Black "Wu, Luka"]
[Result "0-1"]
[Termination "normal"]
[Board "13"]
[WhiteElo "1821"]
[BlackElo "1580"]
[PlyCount "122"]
[WhiteFideId "12952613"]
[BlackFideId "12977420"]
[EventCountry "GER"]
[EventRounds "11"]
[EventType "swiss"]
[EventDate "2015.05.23"]

1. e4 e5 2. Nf3 Nc6 3. Bb5 a6 4. Bxc6 dxc6 5. O-O f6 6. h3 Bc5 7. c3 Ne7 8. d4
exd4 9. cxd4 Bb6 10. Nc3 Be6 11. Re1 O-O 12. e5 fxe5 13. Rxe5 Qd7 14. Qe2 Rf6
15. Bg5 Rg6 16. Nh4 Rxg5 17. Rxg5 Nf5 18. Nxf5 Bxf5 19. Qe5 Rf8 20. Rd1 h6 21.
Rg3 Bh7 22. Ne4 Kh8 23. Nc5 Bxc5 24. Qxc5 Qd8 25. d5 Rf7 26. Rd4 Rd7 27. Qc3
Bg8 28. Rdg4 Qf8 29. dxc6 bxc6 30. Qxc6 Qe8 31. Qc3 Qf8 32. Rg6 Kh7 33. Rxa6
Bd5 34. a3 c6 35. a4 Rf7 36. Qd4 Rf4 37. Rxg7+ Qxg7 38. Qxg7+ Kxg7 39. a5 Rb4
40. Rb6 Ra4 41. a6 c5 42. Rd6 Bf7 43. Rc6 c4 44. Kf1 Ra1+ 45. Ke2 Ra2 46. Kd1
Rxb2 47. a7 Ra2 48. Rc7 c3 49. Kc1 c2 50. g3 Kf6 51. f4 Bg6 52. g4 Be4 53. f5
Ra1+ 54. Kd2 Rd1+ 55. Ke3 c1=Q+ 56. Kxe4 Qb1+ 57. Kf4 Rd4+ 58. Ke3 Qe4+ 59. Kf2
Qf4+ 60. Ke2 Rd2+ 61. Ke1 Qf2# 0-1

[Event "DEM U12/U12w 2015"]
[Site "Willingen GER"]
[Date "2015.05.27"]
[Round "7"]
[White "Biermann, Lenhard"]
[Black "Grabbel, Lennart"]
[Result "1-0"]
[Termination "normal"]
[Board "14"]
[WhiteElo "1622"]
[BlackElo "1584"]
[PlyCount "79"]
[WhiteFideId "12970077"]
[BlackFideId "16201620"]
[EventCountry "GER"]
[EventRounds "11"]
[EventType "swiss"]
[EventDate "2015.05.23"]

1. d4 d5 2. c4 c6 3. Nc3 Nf6 4. Nf3 dxc4 5. a4 Bf5 6. e3 e6 7. Bxc4 Bb4 8. O-O
Nbd7 9. Re1 Qa5 10. Bd2 Nb6 11. Bb3 Ne4 12. Rc1 c5 13. Nxe4 Bxe4 14. Rxc5 Bxd2
15. Nxd2 Qb4 16. Nxe4 O-O 17. Rb5 Qe7 18. Rc5 Qh4 19. Ng3 Rab8 20. Qh5 Qe7 21.
Rec1 Nd7 22. Rc7 Qd8 23. Ne4 a6 24. Qg5 Kh8 25. Qg3 b5 26. a5 Kg8 27. Rxd7 Qc8
28. Rxc8 Rfxc8 29. h3 Kf8 30. Qd6+ Kg8 31. Rc7 Rf8 32. Ng5 Rbc8 33. Rxc8 Rxc8
34. Qd7 Rf8 35. Nxf7 h6 36. Qxe6 Kh7 37. Bc2+ Kg8 38. Nxh6+ Kh8 39. Qg8+ Rxg8
40. Nf7# 1-0

[Event "DEM U12/U12w 2015"]
[Site "Willingen GER"]
[Date "2015.05.27"]
[Round "7"]
[White "Meric, Geoffrey"]
[Black "Hinrichs, Paul"]
[Result "0-1"]
[Termination "normal"]
[Board "15"]
[WhiteElo "1476"]
[BlackElo "1641"]
[PlyCount "130"]
[WhiteFideId "26092891"]
[BlackFideId "12942545"]
[EventCountry "GER"]
[EventRounds "11"]
[EventType "swiss"]
[EventDate "2015.05.23"]

1. e4 e5 2. Nf3 Nc6 3. Bc4 Bc5 4. O-O Nf6 5. d3 a6 6. a4 d6 7. c3 Ba7 8. Nbd2
O-O 9. h3 Re8 10. Re1 Be6 11. Bb3 d5 12. Bc2 h6 13. Nh2 dxe4 14. dxe4 Qe7 15.
Qf3 Rad8 16. Ng4 Nxg4 17. hxg4 Qh4 18. g3 Qxg4 19. Qxg4 Bxg4 20. Nc4 Be6 21.
Ne3 Na5 22. b4 Nc4 23. Nxc4 Bxc4 24. Be3 Bxe3 25. Rxe3 Rd2 26. Bd1 Red8 27. Bg4
Rb2 28. Bh3 Rdd2 29. Bf1 Bxf1 30. Rxf1 b6 31. Ree1 Kf8 32. Rd1 Ke7 33. Rxd2
Rxd2 34. Ra1 Re2 35. Kg2 Rxe4 36. Kf3 Rc4 37. Rc1 g6 38. Ke3 f5 39. Kd3 b5 40.
a5 c5 41. bxc5 Rxc5 42. f4 Rd5+ 43. Ke3 e4 44. c4 Rc5 45. Rh1 bxc4 46. Rxh6 c3
47. Rh1 Rc4 48. Rc1 Kd6 49. Ke2 Kd5 50. Ke3 Kc5 51. Rc2 Kb4 52. Ke2 Kb3 53. Kd1
Rd4+ 54. Kc1 Ra4 55. Kd1 Ra1+ 56. Rc1 Rxc1+ 57. Kxc1 c2 58. g4 fxg4 59. f5 gxf5
60. Kd2 Kb2 61. Ke2 c1=Q 62. Kf2 Qf4+ 63. Kg2 g3 64. Kh3 Qf3 65. Kh4 Qg4# 0-1

[Event "DEM U12/U12w 2015"]
[Site "Willingen GER"]
[Date "2015.05.27"]
[Round "7"]
[White "Biermann, Florian"]
[Black "Grund, Sebastian"]
[Result "1/2-1/2"]
[Termination "normal"]
[Board "16"]
[WhiteElo "1709"]
[BlackElo "1810"]
[PlyCount "91"]
[WhiteFideId "12970069"]
[BlackFideId "12988626"]
[EventCountry "GER"]
[EventRounds "11"]
[EventType "swiss"]
[EventDate "2015.05.23"]

1. c4 Nf6 2. g3 g6 3. Bg2 Bg7 4. Nc3 O-O 5. e3 c5 6. Nge2 e6 7. O-O d5 8. cxd5
exd5 9. d4 cxd4 10. exd4 Nc6 11. Bg5 Qb6 12. Bxf6 Bxf6 13. Nxd5 Qd8 14. Nxf6+
Qxf6 15. d5 Ne5 16. Qb3 Rd8 17. Rac1 Rb8 18. Nd4 a6 19. Nc6 bxc6 20. Qxb8 Bh3
21. Qb3 Bxg2 22. Kxg2 cxd5 23. Rfd1 d4 24. f4 Ng4 25. Rd3 Qe7 26. Rd2 Qe4+ 27.
Kg1 d3 28. Rcd1 Qe3+ 29. Kg2 Qe4+ 30. Kg1 Qd4+ 31. Kg2 Ne3+ 32. Kf3 Nxd1 33.
Rxd1 d2 34. Qc3 Qd5+ 35. Kf2 Qh5 36. Rxd2 Qxh2+ 37. Ke1 Qg1+ 38. Ke2 Re8+ 39.
Kf3 Qh1+ 40. Kf2 Qe1+ 41. Kg2 Re2+ 42. Rxe2 Qxe2+ 43. Kg1 Qd1+ 44. Kf2 Qd8 45.
b4 Qb6+ 46. Kg2 1/2-1/2

[Event "DEM U12/U12w 2015"]
[Site "Willingen GER"]
[Date "2015.05.27"]
[Round "7"]
[White "Paeslack, Luis"]
[Black "Brunner, Sophia"]
[Result "1/2-1/2"]
[Termination "normal"]
[Board "17"]
[WhiteElo "1775"]
[BlackElo "1553"]
[PlyCount "47"]
[WhiteFideId "12987760"]
[BlackFideId "12960683"]
[EventCountry "GER"]
[EventRounds "11"]
[EventType "swiss"]
[EventDate "2015.05.23"]

1. e4 e5 2. Nf3 Nf6 3. Nc3 Nc6 4. a3 g6 5. d4 exd4 6. Nxd4 Bg7 7. Nxc6 bxc6 8.
Bd3 O-O 9. O-O d5 10. exd5 cxd5 11. h3 c5 12. Bd2 Rb8 13. Rb1 Bb7 14. Re1 Qc7
15. Qc1 d4 16. Ne4 Nd7 17. c3 Qc6 18. f3 Ne5 19. Nf2 Nxd3 20. Nxd3 Rfe8 21.
cxd4 Bxd4+ 22. Be3 Qd5 23. Kh1 Qf5 24. Bxd4 1/2-1/2

[Event "DEM U12/U12w 2015"]
[Site "Willingen GER"]
[Date "2015.05.27"]
[Round "7"]
[White "Sulayev, Daniel"]
[Black "Schille, Hannes"]
[Result "1-0"]
[Termination "normal"]
[Board "18"]
[WhiteElo "1709"]
[BlackElo "1489"]
[PlyCount "75"]
[WhiteFideId "12977675"]
[BlackFideId "16206053"]
[EventCountry "GER"]
[EventRounds "11"]
[EventType "swiss"]
[EventDate "2015.05.23"]

1. e4 c5 2. Nf3 a6 3. c4 Nc6 4. Be2 e6 5. O-O Qc7 6. d4 cxd4 7. Nxd4 Bd6 8. g3
Nge7 9. Nc3 Nxd4 10. Qxd4 Be5 11. Qd3 O-O 12. Be3 Rd8 13. Rfd1 Nc6 14. Na4 Re8
15. f4 Bf6 16. e5 Be7 17. Nb6 Rb8 18. Nxc8 Rbxc8 19. Qxd7 Qb8 20. Qd3 Red8 21.
Qe4 Qc7 22. Rac1 Na5 23. Rxd8+ Rxd8 24. c5 Qc6 25. Qb4 Qc7 26. Qb6 Qxb6 27.
cxb6 f6 28. Rc7 Kf8 29. Bf3 Rb8 30. exf6 Bxf6 31. b4 Bd8 32. bxa5 Bxc7 33. bxc7
Rc8 34. Bb6 Ke7 35. Bxb7 Kd7 36. Bxc8+ Kxc8 37. Kf2 Kd7 38. Ke3 1-0

[Event "DEM U12/U12w 2015"]
[Site "Willingen GER"]
[Date "2015.05.27"]
[Round "7"]
[White "Breitzmann, Sander"]
[Black "Merk, Daniel"]
[Result "1-0"]
[Termination "normal"]
[Board "19"]
[WhiteElo "1415"]
[BlackElo "1799"]
[PlyCount "119"]
[WhiteFideId "12987085"]
[BlackFideId "12938386"]
[EventCountry "GER"]
[EventRounds "11"]
[EventType "swiss"]
[EventDate "2015.05.23"]

1. e4 e6 2. d4 d5 3. Nc3 Nf6 4. e5 Nfd7 5. f4 c5 6. Nf3 Nc6 7. Ne2 Qb6 8. c3
Be7 9. g3 O-O 10. Bg2 f6 11. O-O cxd4 12. Nexd4 fxe5 13. fxe5 Ndxe5 14. Nxe5
Rxf1+ 15. Qxf1 Nxe5 16. Qe2 Nc6 17. Be3 Bc5 18. Rd1 e5 19. Bxd5+ Kh8 20. Bxc6
bxc6 21. Nc2 Ba6 22. Qd2 Rf8 23. Bxc5 Qxc5+ 24. Qe3 Qb5 25. Qf2 Qb8 26. Qc5 h6
27. Nb4 Bb7 28. Rd7 Rd8 29. Rf7 a5 30. Nd3 Ba6 31. Qxe5 Qxe5 32. Nxe5 Rd1+ 33.
Kg2 Rd2+ 34. Rf2 Rd5 35. Ng6+ Kh7 36. Nf4 Re5 37. Rd2 g5 38. Nh5 Kg6 39. g4 Bc4
40. b3 Bd5+ 41. Kf2 Re7 42. c4 Rf7+ 43. Kg1 Bf3 44. h3 Kh7 45. Rf2 Kg6 46. Kf1
Be4 47. c5 Rxf2+ 48. Kxf2 Kf7 49. Ng3 Bg6 50. Ke3 Ke6 51. Kd4 Bb1 52. a4 Bc2
53. Kc3 Bd1 54. b4 Bxa4 55. bxa5 Bb5 56. Kd4 Kf6 57. Ne4+ Ke6 58. Nd6 Ba6 59.
Ne8 Bf1 60. a6 1-0

[Event "DEM U12/U12w 2015"]
[Site "Willingen GER"]
[Date "2015.05.27"]
[Round "7"]
[White "Knüdel, Torben"]
[Black "Roho, Kevin"]
[Result "1-0"]
[Termination "normal"]
[Board "20"]
[WhiteElo "1553"]
[BlackElo "1825"]
[PlyCount "63"]
[WhiteFideId "16208820"]
[BlackFideId "12973734"]
[EventCountry "GER"]
[EventRounds "11"]
[EventType "swiss"]
[EventDate "2015.05.23"]

1. e4 d5 2. exd5 Nf6 3. d4 Nxd5 4. Bc4 g6 5. Nf3 Bg7 6. O-O O-O 7. Bd2 Nb6 8.
Bb3 Bxd4 9. Nxd4 Qxd4 10. Qc1 Nc6 11. Bc3 Qh4 12. Qe3 e6 13. Qf3 Nd4 14. Qd1
Nxb3 15. axb3 Nd5 16. Bd2 Rd8 17. Ra4 Qf6 18. Qc1 Bd7 19. Bg5 Qg7 20. Bxd8 Bxa4
21. Bxc7 Bxb3 22. Ba5 Rc8 23. Nc3 b6 24. Nxd5 Bxd5 25. Bc3 Qf8 26. Qf4 h6 27.
Qf6 Kh7 28. Re1 Qg8 29. Re3 g5 30. Rh3 Qg6 31. Rxh6+ Qxh6 32. Qxf7+ 1-0

[Event "DEM U12/U12w 2015"]
[Site "Willingen GER"]
[Date "2015.05.27"]
[Round "7"]
[White "Henning, Marvin"]
[Black "Rietschel, Tilo"]
[Result "1-0"]
[Termination "normal"]
[Board "21"]
[WhiteElo "1791"]
[BlackElo "1549"]
[PlyCount "61"]
[WhiteFideId "12957399"]
[BlackFideId "16208390"]
[EventCountry "GER"]
[EventRounds "11"]
[EventType "swiss"]
[EventDate "2015.05.23"]

1. e4 c5 2. Nc3 Nc6 3. f4 d6 4. Bb5 Bd7 5. Bxc6 Bxc6 6. Nf3 Nf6 7. d3 g6 8. O-O
Bg7 9. Qe1 O-O 10. Qg3 Qc7 11. Qh4 e5 12. fxe5 dxe5 13. Ng5 h5 14. Ne2 Qd7 15.
h3 Qd8 16. Qg3 Qc7 17. Be3 b6 18. Rf2 Nh7 19. Nf3 Rae8 20. Nd2 Nf6 21. Raf1 Nd7
22. Nc3 Qd6 23. Nc4 Qe6 24. Re2 Nf6 25. Nd2 Rd8 26. Nf3 Nd7 27. Qe1 Nf6 28. Qc1
c4 29. Ng5 Qe7 30. dxc4 Qb4 31. Ref2 1-0

[Event "DEM U12/U12w 2015"]
[Site "Willingen GER"]
[Date "2015.05.27"]
[Round "7"]
[White "Gheng, Dominik"]
[Black "Schnabel, Luise"]
[Result "1-0"]
[Termination "normal"]
[Board "22"]
[WhiteElo "1771"]
[BlackElo "1458"]
[PlyCount "35"]
[WhiteFideId "12906778"]
[BlackFideId "12943347"]
[EventCountry "GER"]
[EventRounds "11"]
[EventType "swiss"]
[EventDate "2015.05.23"]

1. e4 d6 2. d4 Nf6 3. Nc3 g6 4. Be3 Bg7 5. f3 c6 6. Qd2 b5 7. Bh6 O-O 8. g4
Nbd7 9. h4 Qa5 10. h5 b4 11. Nd1 Bxh6 12. Qxh6 b3+ 13. Nc3 bxc2 14. hxg6 fxg6
15. g5 Nh5 16. Bc4+ Kh8 17. Rxh5 gxh5 18. g6 1-0

[Event "DEM U12/U12w 2015"]
[Site "Willingen GER"]
[Date "2015.05.27"]
[Round "7"]
[White "Bosselmann, Tom Linus"]
[Black "Hassemeier, Mika"]
[Result "0-1"]
[Termination "normal"]
[Board "23"]
[WhiteElo "1720"]
[BlackElo "1658"]
[PlyCount "116"]
[WhiteFideId "12983845"]
[BlackFideId "12994880"]
[EventCountry "GER"]
[EventRounds "11"]
[EventType "swiss"]
[EventDate "2015.05.23"]

1. e4 c5 2. Nf3 e6 3. d4 cxd4 4. Nxd4 Nf6 5. Bd3 Nc6 6. Be3 d5 7. Nxc6 bxc6 8.
e5 Nd7 9. f4 Bc5 10. Bxc5 Nxc5 11. b3 Nxd3+ 12. Qxd3 Qb6 13. Nc3 Ba6 14. Qd2 c5
15. Na4 Qc7 16. Kf2 O-O 17. Rhe1 Rad8 18. Kg1 f6 19. Qe3 d4 20. Qh3 Bc8 21. Nb2
fxe5 22. fxe5 Qc6 23. Nc4 Qe8 24. Qg4 Qg6 25. Qxg6 hxg6 26. Nd6 Ba6 27. Rad1
Rf4 28. Re4 Rxe4 29. Nxe4 Rd5 30. Ng3 Rxe5 31. Kf2 Re3 32. a4 Rc3 33. Rd2 d3
34. cxd3 Rxb3 35. Rc2 Bxd3 36. Rxc5 Ra3 37. a5 a6 38. Re5 Kf7 39. Re3 Ra2+ 40.
Kg1 Bb5 41. Ne4 Rxa5 42. Ng5+ Kf6 43. Nxe6 Ra1+ 44. Kf2 Ra2+ 45. Kg1 Ra1+ 46.
Kf2 Ra2+ 47. Kg1 Re2 48. Rxe2 Bxe2 49. Nd4 Bb5 50. Kf2 Ke5 51. Ke3 Bc4 52. h4
Kd5 53. g4 a5 54. Nc2 a4 55. Kf4 Bd3 56. Ne3+ Kd4 57. h5 a3 58. g5 gxh5 0-1

[Event "DEM U12/U12w 2015"]
[Site "Willingen GER"]
[Date "2015.05.27"]
[Round "7"]
[White "Longo, Massimo"]
[Black "Wastian, Mareike"]
[Result "1-0"]
[Termination "normal"]
[Board "24"]
[WhiteElo "1628"]
[BlackElo "1573"]
[PlyCount "65"]
[WhiteFideId "16205227"]
[BlackFideId "12947423"]
[EventCountry "GER"]
[EventRounds "11"]
[EventType "swiss"]
[EventDate "2015.05.23"]

1. d4 d5 2. c4 e6 3. Nc3 c5 4. cxd5 exd5 5. Nf3 Nc6 6. Bg5 Be7 7. Bxe7 Ngxe7 8.
e3 c4 9. Be2 O-O 10. O-O a6 11. a4 Be6 12. Nd2 Qd7 13. b3 cxb3 14. Nxb3 Rfc8
15. Nc5 Qc7 16. Rb1 Rcb8 17. f4 Bf5 18. Rb2 h6 19. g4 Bc8 20. Qd2 b6 21. Nd3
Na5 22. Nb4 Nc4 23. Bxc4 Qxc4 24. Rc1 Qc7 25. Ncxd5 Qd7 26. Nxe7+ Qxe7 27. Nc6
Qd7 28. Nxb8 Rxb8 29. Qd1 Bb7 30. d5 Rd8 31. e4 Qd6 32. Qf3 Qd7 33. Rxb6 1-0

[Event "DEM U12/U12w 2015"]
[Site "Willingen GER"]
[Date "2015.05.27"]
[Round "7"]
[White "Asadzade, Idris"]
[Black "Kühne, Maria"]
[Result "1/2-1/2"]
[Termination "normal"]
[Board "25"]
[WhiteElo "1746"]
[BlackElo "1401"]
[PlyCount "82"]
[WhiteFideId "12997285"]
[BlackFideId "12997412"]
[EventCountry "GER"]
[EventRounds "11"]
[EventType "swiss"]
[EventDate "2015.05.23"]

1. Nf3 Nc6 2. d4 d6 3. g3 Nf6 4. Bg2 Bf5 5. O-O e5 6. c4 Be7 7. d5 Nb8 8. Nc3
O-O 9. Re1 Nbd7 10. e4 Bg6 11. Nd2 Nc5 12. Nb3 Nfd7 13. Nxc5 Nxc5 14. f4 exf4
15. Bxf4 Bg5 16. Qf3 f5 17. e5 dxe5 18. Rxe5 Bf6 19. Re2 a6 20. Rae1 Rc8 21. b4
Nd7 22. c5 Bd4+ 23. Kh1 Bf6 24. Qd3 h6 25. Rd2 Re8 26. Rxe8+ Qxe8 27. Re2 Qf7
28. c6 bxc6 29. dxc6 Nb6 30. Nd5 Rd8 31. Rd2 Kh8 32. Qb3 Nxd5 33. Rxd5 Rxd5 34.
Qxd5 Qe7 35. Qd2 Bf7 36. Bf1 Qe4+ 37. Qg2 Qd4 38. Qg1 Bd5+ 39. Bg2 Bxg2+ 40.
Qxg2 Qd1+ 41. Qg1 Qd5+ 1/2-1/2

[Event "DEM U12/U12w 2015"]
[Site "Willingen GER"]
[Date "2015.05.27"]
[Round "7"]
[White "Wu, Leon"]
[Black "Stelljes, Fabian"]
[Result "1-0"]
[Termination "normal"]
[Board "26"]
[WhiteElo "1574"]
[BlackElo "1342"]
[PlyCount "53"]
[WhiteFideId "12977438"]
[BlackFideId "16201370"]
[EventCountry "GER"]
[EventRounds "11"]
[EventType "swiss"]
[EventDate "2015.05.23"]

1. e4 c6 2. d4 d5 3. Nc3 dxe4 4. Nxe4 Nd7 5. Nf3 Ngf6 6. Nxf6+ Nxf6 7. Bd3 Bg4
8. c3 e6 9. h3 Bh5 10. Bd2 Be7 11. Qc2 Bxf3 12. gxf3 Qc7 13. O-O-O O-O-O 14.
Rde1 h6 15. Rhg1 g5 16. Kb1 Qh2 17. Be3 Qxh3 18. Qe2 Qh2 19. f4 gxf4 20. Rh1
Qg2 21. Bxf4 Qg7 22. Reg1 Qf8 23. Qe5 Nd5 24. Qb8+ Kd7 25. Qxb7+ Ke8 26. Qxc6+
Rd7 27. Qc8+ 1-0

[Event "DEM U12/U12w 2015"]
[Site "Willingen GER"]
[Date "2015.05.27"]
[Round "7"]
[White "Bethke, Robert"]
[Black "Bui, Ngoc Han Julia"]
[Result "1-0"]
[Termination "normal"]
[Board "27"]
[WhiteElo "1548"]
[BlackElo "1596"]
[PlyCount "41"]
[WhiteFideId "12959251"]
[BlackFideId "12977055"]
[EventCountry "GER"]
[EventRounds "11"]
[EventType "swiss"]
[EventDate "2015.05.23"]

1. c4 Nf6 2. Nc3 g6 3. Nf3 Bg7 4. g3 O-O 5. Bg2 c6 6. O-O d5 7. cxd5 cxd5 8. d4
Nc6 9. Bf4 Bf5 10. Be5 Qa5 11. Qb3 Be6 12. Qxb7 Nxe5 13. Nxe5 Rab8 14. Qxe7
Rxb2 15. Rac1 Rc8 16. Nxd5 Rxc1 17. Rxc1 Nxd5 18. Rc8+ Bxc8 19. Qxf7+ Kh8 20.
Qe8+ Bf8 21. Qxf8# 1-0

[Event "DEM U12/U12w 2015"]
[Site "Willingen GER"]
[Date "2015.05.27"]
[Round "7"]
[White "Müdder, Melanie"]
[Black "Creß, Bastian"]
[Result "1-0"]
[Termination "normal"]
[Board "29"]
[WhiteElo "1511"]
[BlackElo "1387"]
[PlyCount "93"]
[WhiteFideId "12994103"]
[BlackFideId "16208846"]
[EventCountry "GER"]
[EventRounds "11"]
[EventType "swiss"]
[EventDate "2015.05.23"]

1. e4 e5 2. Bc4 Nf6 3. d4 exd4 4. Nf3 Nxe4 5. Qxd4 Nf6 6. Nc3 Nc6 7. Qh4 Bc5 8.
Bg5 Be7 9. O-O-O d6 10. Bd3 Be6 11. Rhe1 Qd7 12. Bb5 a6 13. Ne5 Qc8 14. Bxc6+
bxc6 15. Nxc6 Bd8 16. Nxd8 Qxd8 17. Nd5 Rf8 18. Bxf6 gxf6 19. Nxf6+ Ke7 20.
Nxh7+ Kd7 21. Nxf8+ Qxf8 22. Qa4+ c6 23. Re2 Qh6+ 24. Red2 Qxh2 25. Rxd6+ Qxd6
26. Rxd6+ Kxd6 27. b3 Kc5 28. Qa5+ Kd6 29. g3 Bd5 30. Qd2 Kc7 31. c4 Be6 32.
Qa5+ Kb7 33. Qb4+ Kc7 34. Qe7+ Kb8 35. Qd8+ Kb7 36. Qe7+ Kb8 37. c5 Ra7 38.
Qd8+ Bc8 39. Qb6+ Bb7 40. f4 a5 41. g4 Ra6 42. Qd8+ Bc8 43. f5 a4 44. b4 a3 45.
g5 Ra4 46. g6 Rxb4 47. gxf7 1-0

[Event "DEM U12/U12w 2015"]
[Site "Willingen GER"]
[Date "2015.05.27"]
[Round "7"]
[White "Brunkardt, Elena"]
[Black "Glinzner, Alva"]
[Result "1/2-1/2"]
[Termination "normal"]
[Board "30"]
[WhiteElo "1474"]
[BlackElo "1257"]
[PlyCount "72"]
[WhiteFideId "16208838"]
[BlackFideId "16206169"]
[EventCountry "GER"]
[EventRounds "11"]
[EventType "swiss"]
[EventDate "2015.05.23"]

1. d4 c6 2. e4 d5 3. exd5 cxd5 4. Bd3 Nc6 5. c3 Nf6 6. h3 e5 7. Nf3 e4 8. Qe2
Be7 9. Bb5 exf3 10. Qxf3 Bd7 11. O-O O-O 12. Bg5 a6 13. Ba4 b5 14. Bb3 Be6 15.
Bxf6 Bxf6 16. Nd2 Re8 17. Rfe1 Qd7 18. Bc2 Rac8 19. Nb3 Nxd4 20. Nxd4 Bxd4 21.
Qd3 Bxf2+ 22. Kxf2 g6 23. Kg1 Qa7+ 24. Kh1 Qf2 25. Rf1 Qh4 26. Bb3 Rcd8 27. Qd4
Qh5 28. Rf3 Rf8 29. Re1 Rde8 30. Re5 Qh6 31. Bxd5 Bxd5 32. Rxd5 Re1+ 33. Kh2
Qc1 34. Qf2 Re7 35. Qh4 Re1 36. Rd8 Rxd8 1/2-1/2

[Event "DEM U12/U12w 2015"]
[Site "Willingen GER"]
[Date "2015.05.27"]
[Round "7"]
[White "Khamenya, Vitalia"]
[Black "Berelowitsch, Dana"]
[Result "1/2-1/2"]
[Termination "normal"]
[Board "31"]
[WhiteElo "1570"]
[BlackElo "1408"]
[PlyCount "65"]
[WhiteFideId "12959260"]
[BlackFideId "12977144"]
[EventCountry "GER"]
[EventRounds "11"]
[EventType "swiss"]
[EventDate "2015.05.23"]

1. e4 e5 2. Nf3 Nf6 3. Nxe5 d6 4. Nf3 Nxe4 5. Nc3 Nxc3 6. dxc3 Be7 7. Be3 Nc6
8. Qd2 Be6 9. O-O-O Qd7 10. Kb1 a6 11. Be2 O-O-O 12. Nd4 Nxd4 13. Qxd4 Bf6 14.
Qb4 Qe7 15. Bf3 d5 16. Qb3 c6 17. Bf4 Bg5 18. Bg3 Bh4 19. Qb6 Bxg3 20. hxg3 Qc7
21. Qd4 f6 22. Qd3 Qb6 23. Rd2 h6 24. Re1 Rhe8 25. Rde2 Bd7 26. Qg6 Rxe2 27.
Rxe2 d4 28. c4 Qc5 29. Qxg7 Qxc4 30. Qxf6 d3 31. Rd2 dxc2+ 32. Rxc2 Qf1+ 33.
Rc1 1/2-1/2

[Event "DEM U12/U12w 2015"]
[Site "Willingen GER"]
[Date "2015.05.27"]
[Round "7"]
[White "Delgado, Celina"]
[Black "Pahl, Erik"]
[Result "0-1"]
[Termination "normal"]
[Board "32"]
[WhiteElo "1153"]
[BlackElo "1464"]
[PlyCount "116"]
[WhiteFideId "12993735"]
[BlackFideId "16201272"]
[EventCountry "GER"]
[EventRounds "11"]
[EventType "swiss"]
[EventDate "2015.05.23"]

1. d4 d5 2. c4 e5 3. dxe5 d4 4. Nf3 Nc6 5. e3 Bb4+ 6. Bd2 dxe3 7. fxe3 Nge7 8.
Be2 Ng6 9. Bxb4 Nxb4 10. Qxd8+ Kxd8 11. Nd4 c5 12. a3 cxd4 13. axb4 dxe3 14.
Ra3 Nxe5 15. Rxe3 Re8 16. O-O a5 17. bxa5 Rxa5 18. b3 f6 19. Nc3 Be6 20. Rd1+
Ke7 21. b4 Raa8 22. g4 Red8 23. Rxd8 Rxd8 24. Re4 Kf7 25. h3 Rd2 26. c5 Rc2 27.
Nb5 Bd5 28. Re3 Bc6 29. Nd6+ Kf8 30. Bb5 Bxb5 31. Nxb5 Rc4 32. Rb3 Nc6 33. Nd6
Rxb4 34. Rxb4 Nxb4 35. Nxb7 Nc6 36. Kf2 Ke7 37. Ke3 Ke6 38. Ke4 g5 39. Nd6 Ne7
40. Nf5 Nxf5 41. gxf5+ Kd7 42. Kd5 h5 43. c6+ Kc7 44. Ke6 g4 45. hxg4 hxg4 46.
Kxf6 g3 47. Ke6 g2 48. f6 g1=Q 49. f7 Qe3+ 50. Kf6 Qf4+ 51. Ke6 Kxc6 52. Ke7
Qe5+ 53. Kd8 Qf6+ 54. Ke8 Qe6+ 55. Kf8 Kd6 56. Kg8 Qg6+ 57. Kh8 Qh6+ 58. Kg8
Ke7 0-1